000 00616nam a22001937a 4500
005 20260420095526.0
008 260420b |||||||| |||| 00| 0 eng d
020 _a978-93-5696-621-5
050 _aRC 731 .T49 2025 V.1
100 _aJINDAL, SURINDER K.
245 _aTEXTBOOK OF PULMONARY & CRITICAL CARE MEDICINE.
250 _a3RD
260 _aNEW DELHI,
_bJAYPEE BROTHERS MEDICAL PUBLISHERS.
_c2025.
300 _aLii, 869 P, ILL
500 _aINCLUDES BIBLIOGRAPHICAL REFERENCES
650 _a1. CRITICAL CARE MEDICINE 2. RESPIRATORY ORGANS- DISEASES.
700 _aRAOOF, SUHAIL.
942 _2lcc
_cBK
999 _c216998
_d216998